| 000 | 00744nam a22002417a 4500 | ||
|---|---|---|---|
| 003 | DO-SdBNP | ||
| 005 | 20221216090930.0 | ||
| 007 | ta | ||
| 008 | 110301s2022 dr 000 p spa d | ||
| 020 | _a9789945934175 | ||
| 040 |
_aDO-SdBNP _bspa _cBNPHU |
||
| 082 | 4 |
_aRD861.44 _bN322c _222 |
|
| 100 |
_aNavarro, Berenice B. _d1972- _983009 |
||
| 245 | 1 | 0 |
_aContracielo / _cBerenice B. Navarro |
| 260 |
_aSanto Domingo : _bRío de Oro, _c2022. |
||
| 300 |
_a60 p. : _c22 cm. |
||
| 500 | _aIncluye datos biográficos de la autora en la solapa de la cubierta | ||
| 590 | _aInventariado, 2022/ YL | ||
| 650 | 4 | _aPoesía dominicana | |
| 650 | 4 | _aLiteratura dominicana | |
| 910 | _aYLockward/Validado. Control de calidad MFF | ||
| 942 |
_2ddc _cLBS1 |
||
| 999 |
_c53094 _d53094 |
||